Prometeo : (Record no. 164703)

MARC details
000 -LEADER
campo de control de longitud fija 00874nam a2200217 i 4500
001 - NÚMERO DE CONTROL
campo de control 164703
003 - IDENTIFICADOR DE NÚMERO DE CONTROL
campo de control ES-MaACL
005 - FECHA Y HORA DE LA ÚLTIMA TRANSACCIÓN
campo de control 20250714063117.0
008 - DATOS DE LONGITUD FIJA--INFORMACIÓN GENERAL
campo de control de longitud fija 931025s1895 sp |||| | spa d
080 ## - NÚMERO DE LA CLASIFICACIÓN DECIMAL UNIVERSAL
Número de la Clasificación Decimal Universal 821.134.2-14"18"
100 1# - ENTRADA PRINCIPAL--NOMBRE DE PERSONA
Nombre de persona Sandoval, Manuel de,
Fechas asociadas al nombre 1874-1932
Término indicativo de función/relación Autor
9 (RLIN) 103105
245 10 - MENCIÓN DEL TÍTULO
Título Prometeo :
Resto del título poema /
Mención de responsabilidad, etc. Manuel de Sandoval ; con una carta prólogo de Emilio Ferrari.
260 ## - PUBLICACIÓN, DISTRIBUCIÓN, ETC.
Lugar de publicación, distribución, etc. Madrid :
Nombre del editor, distribuidor, etc. [s.n.],
Fecha de publicación, distribución, etc. 1895
Fabricante (Est. Tip. de Agustín Avral)
300 ## - DESCRIPCIÓN FÍSICA
Extensión 31 páginas ;
Dimensiones 17 cm.
655 #7 - TERMINO DE INDIZACIÓN--GENERO/FORMA
Fuente del término tgfbne
9 (RLIN) 176539
Datos o término principal de género/forma Poesías
700 1# - ENTRADA AGREGADA--NOMBRE PERSONAL
Nombre de persona Ferrari, Emilio,
Fechas asociadas al nombre 1853-1907
Término indicativo de función/relación Autor de introducción
9 (RLIN) 50308
852 ## - LOCALIZACIÓN
Ubicación ES-MaACL
Ubicación en estantería Depósito folletos
Anotaciones manuscritas Dedic. ms. para el Ateneo de Madrid
Donativo/Legado Donativo de Manuel de Sandoval
Número de control de estantería T-766-F-1
Encuadernación Enc. en un vol. facticio
-- Holandesa conservando cub. original
942 ## - ELEMENTOS DE ENTRADA SECUNDARIOS (KOHA)
Fuente del sistema de clasificación o colocación Clasificación decimal universal
Tipo de ítem Koha Folleto
Suprimir en OPAC No
Holdings
Estatus retirado Estado de pérdida Fuente del sistema de clasificación o colocación Estado de daño No para préstamo Colección Biblioteca de origen Biblioteca actual Ubicación en estantería Fecha de adquisición Fuente de adquisición Total de préstamos Signatura topográfica completa Código de barras Visto por última vez Tipo de ítem Koha
    Clasificación decimal universal     Colección de folletos Biblioteca del Ateneo de Madrid Biblioteca del Ateneo de Madrid Depósito folletos 17/01/2008 Donación   T-766-F-1 1172651 23/02/2023 Folleto